[Event "CZE-chTE U20 0910"]
[Site "Czech Republic"]
[Date "2009.10.04"]
[Round "4.5"]
[White "Plevak, Petr"]
[Black "Novak, Jiri1111"]
[Result "0-1"]
[WhiteElo "1768"]
[BlackElo "1680"]
[PlyCount "120"]
[EventDate "2009.10.03"]
[EventType "team-tourn"]
[EventRounds "7"]
[EventCountry "CZE"]
[SourceTitle "EXT 2011"]
[Source "ChessBase"]
[SourceDate "2010.11.26"]
[SourceVersion "1"]
[SourceVersionDate "2010.11.26"]
[SourceQuality "1"]
[WhiteTeam "Stare Mesto (U20)"]
[BlackTeam "Orlova (U20)"]
[WhiteTeamCountry "CZE"]
[BlackTeamCountry "CZE"]

1. e4 e5 2. Nf3 Nc6 3. Bb5 a6 4. Ba4 Nf6 5. 0-0 Be7 6. Re1 b5 7. Bb3 0-0 8. c3 d5 9. d3 dxe4 10. dxe4 Qxd1 11. Bxd1 Bb7 12. Nbd2 h6 13. Bc2 Bc5 14. h3 Rfe8 15. Nf1 Bd6 16. Ng3 Ne7 17. Be3 Ng6 18. Nd2 Rad8 19. Nf5 Nf4 20. Rad1 Bf8 21. f3 N6h5 22. Kh2 g6 23. Ng3 Nxg3 24. Kxg3 Be7 25. Nb3 Bh4+ 26. Kxh4 Nxg2+ 27. Kg3 Rxd1 28. Rxd1 Nxe3 29. Rc1 f5 30. Nc5 f4+ 31. Kf2 Bc8 32. Bb3+ Kh7 33. h4 Rd8 34. Ke2 a5 35. a3 g5 36. hxg5 hxg5 37. Be6 Kg6 38. Rg1 Kf6 39. Bxc8 Rxc8 40. Rh1 Nc4 41. b3 Nxa3 42. Ra1 b4 43. cxb4 axb4 44. Na6 Nc2 45. Ra4 c5 46. Ra5 Nd4+ 47. Kf2 Nxb3 48. Rb5 Nc1 49. Kf1 Nb3 50. Rb6+ Kg7 51. Re6 Nd2+ 52. Kf2 Nc4 53. Re7+ Kh6 54. Re6+ Kh5 55. Re7 b3 56. Rh7+ Kg6 57. Rb7 b2 58. Rb5 Ra8 59. Nxc5 Ra2 60. Ke1 Ra1+ 0-1